Weltanschauung und Leben in Islam/ (Record no. 94901)
[ view plain ]
| 000 -LEADER | |
|---|---|
| fixed length control field | 00471nam a22001697a 4500 |
| 005 - DATE AND TIME OF LATEST TRANSACTION | |
| control field | 20250213103733.0 |
| 008 - FIXED-LENGTH DATA ELEMENTS--GENERAL INFORMATION | |
| fixed length control field | 170706b xxu||||| |||| 00| 0 eng d |
| 020 ## - INTERNATIONAL STANDARD BOOK NUMBER | |
| International Standard Book Number | 0860370283 |
| 040 ## - CATALOGING SOURCE | |
| Transcribing agency | PK-LaUMT |
| 082 ## - DEWEY DECIMAL CLASSIFICATION NUMBER | |
| Classification number | ZIAC 297 |
| Item number | ABU-W |
| 100 ## - MAIN ENTRY--PERSONAL NAME | |
| Personal name | Abu-l-A'la Maudoodi,Sayyid |
| 245 ## - TITLE STATEMENT | |
| Title | Weltanschauung und Leben in Islam/ |
| Statement of responsibility, etc | Sayyid Abu-l-A'la Maudood |
| 260 ## - PUBLICATION, DISTRIBUTION, ETC. (IMPRINT) | |
| Place of publication, distribution, etc | United Kingdom; |
| Name of publisher, distributor, etc | The islamic foundation |
| Date of publication, distribution, etc | 1978 |
| 300 ## - PHYSICAL DESCRIPTION | |
| Extent | 175 p |
| 546 ## - LANGUAGE NOTE | |
| Language note | ENG |
| 942 ## - ADDED ENTRY ELEMENTS (KOHA) | |
| Koha item type | Books |
| Withdrawn status | Lost status | Damaged status | Home library | Current library | Date acquired | Full call number | Barcode | Date last seen | Price effective from | Koha item type |
|---|---|---|---|---|---|---|---|---|---|---|
| UMT Main Campus | UMT Main Campus | 2017-07-06 | ZIAC 297 ABU-W | 110471 | 2017-07-06 | 2017-07-06 | Books |
